000 00928nam a2200277 a 4500
008
020 _a0198564171 (pbk.)
049 _aMAIN
090 _aQH212.E4
_bBUD
100 1 _aBudd, Peter M.
245 1 0 _aLight-element analysis in the transmission electron microscope, WEDX and EELS /
_cPeter M. Budd and Peter J. Goodhew.
260 _aOxford :
_bOxford University Press,
_c1988.
300 _avi, 73 p. :
_bill. ;
_c24 cm.
440 0 _aMicroscopy handbooks ;
_v16.
500 _aIncludes index.
650 0 _aElectron energy loss spectroscopy.
650 0 _aWindowless energy-dispersive X-ray analysis.
650 0 _aTransmission electron microscopes.
650 0 _aLight elements
_xAnalysis.
700 1 _aGoodhew, Peter J.
907 _a.b10048698
_b06-11-12
_c17-04-03
003
005 20230123133703.0
040 _cNUST
942 _cBOOKS
_kQH212.E4
_mBUD
999 _c152885
_d152885